|
|
|
|
| LEADER |
00000caa a22000002c 4500 |
| 001 |
1631590979 |
| 003 |
DE-627 |
| 005 |
20220607130218.0 |
| 007 |
tu |
| 008 |
130408s1985 xx ||||| 00| ||dut c |
| 035 |
|
|
|a (DE-627)1631590979
|
| 035 |
|
|
|a (DE-576)380866293
|
| 035 |
|
|
|a (DE-599)BSZ380866293
|
| 040 |
|
|
|a DE-627
|b ger
|c DE-627
|e rakwb
|
| 041 |
|
|
|a dut
|
| 100 |
1 |
|
|a Werff, Cornelia van
|0 (DE-627)1236149874
|0 (DE-576)16614987X
|4 aut
|
| 109 |
|
|
|a Werff, Cornelia van
|a Werff, C. van der
|a Van der Werff, C.
|
| 245 |
1 |
0 |
|a Criminele loopbanen
|c C. van der Werff
|
| 264 |
|
1 |
|c 1985
|
| 336 |
|
|
|a Text
|b txt
|2 rdacontent
|
| 337 |
|
|
|a ohne Hilfsmittel zu benutzen
|b n
|2 rdamedia
|
| 338 |
|
|
|a Band
|b nc
|2 rdacarrier
|
| 773 |
0 |
8 |
|i In
|t Justitiële verkenningen
|d DenHaag : Boom Juridische Uitgevers, 1975
|g 11(1985), 9, Seite 43-59
|w (DE-627)166456977
|w (DE-600)195143-9
|w (DE-576)014811693
|x 0167-5850
|
| 773 |
1 |
8 |
|g volume:11
|g year:1985
|g number:9
|g pages:43-59
|
| 951 |
|
|
|a AR
|
| ELC |
|
|
|b 1
|
| LOK |
|
|
|0 000 xxxxxcx a22 zn 4500
|
| LOK |
|
|
|0 001 328258170X
|
| LOK |
|
|
|0 003 DE-627
|
| LOK |
|
|
|0 004 1631590979
|
| LOK |
|
|
|0 005 20260220145854
|
| LOK |
|
|
|0 008 130408||||||||||||||||ger|||||||
|
| LOK |
|
|
|0 040
|a DE-21-110
|c DE-627
|d DE-21-110
|
| LOK |
|
|
|0 689
|a s
|a Kriminelle Karriere
|
| LOK |
|
|
|0 689
|a s
|a Frühkriminalität
|
| LOK |
|
|
|0 852
|z Kein Bestand am IfK; Nachweis für KrimDok
|
| LOK |
|
|
|0 852
|a DE-21-110
|
| LOK |
|
|
|0 852 1
|m v
|9 00
|
| LOK |
|
|
|0 935
|a k110
|
| LOK |
|
|
|0 938
|k v
|
| LOK |
|
|
|0 939
|a 08-04-13
|b l01
|
| ORI |
|
|
|a WA-MARC-krimdoka001.raw
|